000 00747nam a2200253 i 4500
001 000017691
003 DO-SdBNP
005 20231121102715.0
007 ta
008 100330s1979 dr c r 000 0 spa d
040 _aDO-SdBNP
_bspa
_cBNPHU
_erda
082 4 _bM433E
_222
100 1 _aMatos G., Ramiro,
_938533
_eautor
245 1 0 _aEfemérides militares dominicanas /
_cRamiro Matos G., José M. Soto J.
264 _aSanto Domingo :
_bCacique,
_c1979.
300 _avolumen :
_bretratos ;
_c21 cm.
336 _2rdacontent
_atexto
_btxt
337 _2rdamedia
_asin mediación
_bn
338 _2rdacarrier
_avolumen
_bnc
590 _aInventariado, 2022/BT
700 1 _aSoto J., José M.
_938534
910 _aBtavárez
942 _2ddc
_cLBS1
999 _c17216
_d17216